| 000 | 00539nam a22001697a 4500 | ||
|---|---|---|---|
| 999 |
_c58681 _d58681 |
||
| 003 | Ge_BSU | ||
| 005 | 20220628130635.0 | ||
| 008 | 220628s2017 ge ||||| |||| 00| 0 geo d | ||
| 020 | _a20000000092638 | ||
| 041 | _ageo | ||
| 080 | _a912(100) მ-90 | ||
| 245 | _aმსოფლიოს პოლიტიკური რუკა. | ||
| 264 |
_aთბილისი : _b''გეოიდი 2011'' _c2017. |
||
| 300 | _a1:35 000 000 | ||
| 653 | _aმსოფლიოს პოლიტიკური რუკა | ||
| 942 |
_2udc _cMP |
||